South Eastern Kenya University

Library Online Public Access Catalogue


Law and ethics for medical careers / (Record no. 1506)

MARC details
000 -LEADER
fixed length control field 00807cam a22002417a 4500
020 ## - ISBN
International Standard Book Number 0073018961 (pbk. : acid free paper)
020 ## - ISBN
International Standard Book Number 0073022632
050 00 - LIBRARY OF CONGRESS CALL NUMBER
Classification Number R725.5
Item Number .J83 2006
100 1# - MAIN ENTRY--Author
Personal name Judson, Karen,
Dates associated with a name 1941-
245 10 - TITLE
Title Law and ethics for medical careers /
Statement of responsibility, etc Karen Judson, Carlene Harrison, Sharon Hicks.
250 ## - EDITIONSTATEMENT
Edition statement 4th ed.
260 ## - PUBLICATION, DISTRIBUTION, ETC.(IMPRINT)
Place of publication, distribution, etc Boston :
Name of publisher, distributor, etc McGraw-Hill, Higher Education,
Date of publication, distribution, etc c2006.
300 ## - PHYSICAL DESCRIPTION
Extent xviii, 350 p. :
500 ## - GENERALNOTE
General note Includes index.
650 #0 - SUBJECT--TOPIC
General subdivision Professional ethics.
650 #0 - SUBJECT--TOPIC
General subdivision Legal status, laws, etc.
650 22 - SUBJECT--TOPIC
General subdivision education
700 1# - ADDED ENTRY--PERSONAL AUTHOR
Personal Name Harrison, Carlene.
700 1# - ADDED ENTRY--PERSONAL AUTHOR
Personal Name Hicks, Sharon,
856 42 - URL/ELECTRONIC LOCATION AND ACCESS
Uniform Resource Identifier <a href="http://www.loc.gov/catdir/enhancements/fy0665/2006530825-d.html">http://www.loc.gov/catdir/enhancements/fy0665/2006530825-d.html</a>
856 41 - URL/ELECTRONIC LOCATION AND ACCESS
Uniform Resource Identifier <a href="http://www.loc.gov/catdir/enhancements/fy0665/2006530825-t.html">http://www.loc.gov/catdir/enhancements/fy0665/2006530825-t.html</a>
942 ## - ADDED ENTRY ELEMENTS(KOHA)
Koha item type General circulation
Holdings
Source of classification or shelving scheme Not for loan Location (home branch) Sublocation (holding branch) Date accessioned Cost, normal purchase price Full call number Barcode Copy number Cost, replacement price Koha item type Public note Shelving location
Library of Congress Classification   Main Campus Library Main Campus Library 21/08/2014 5906.43 R725.5 .J83 2006 2021/025322 C1 6406.00 General circulation leo  
Library of Congress Classification   Main Campus Library Main Campus Library 21/08/2014 5906.43 R725.5 .J83 2006 2019/023270 C2 6406.00 General circulation leo  
Library of Congress Classification   Main Campus Library Main Campus Library 21/08/2014 5906.43 R725.5 .J83 2006 2019/023269 C3 6406.00 General circulation leo  
Library of Congress Classification   Main Campus Library Main Campus Library 21/08/2014 5906.43 R 725.5 .J83 2006 2021/025321 C4 6406.00 General circulation leo  
Library of Congress Classification   Main Campus Library Main Campus Library 21/08/2014 5906.43 R725.5 .J83 2006 2021/025323 C5 6406.00 General circulation leo  
Library of Congress Classification   Main Campus Library Main Campus Library 23/07/2015   R725.5 .J83 2006 2015/003977     General circulation smo  
Kitui, Kenya.
+254736116989
library@seku.ac.ke